| 000 | 00841nam a22002295i 4500 | ||
|---|---|---|---|
| 001 | 174087 | ||
| 003 | ES-MaACL | ||
| 005 | 20250829120106.0 | ||
| 008 | 100215s1945 cu |||| | spa d | ||
| 080 | _a616.988.71 | ||
| 100 | 1 |
_aFinlay, Carlos J. _950912 |
|
| 245 | 1 | 0 |
_aEstudios sobre la fiebre amarilla / _cCarlos J. Finlay ; presentación y ordenación por Manuel Villaverde y Álvarez. |
| 260 |
_aLa Habana : _bMinisterio de Educación, Dirección de Cultura, _c1945. |
||
| 300 |
_a184 p. ; _c19 cm. |
||
| 490 | 1 |
_aCuadernos de cultura. Sexta serie ; _v5 |
|
| 650 | 4 |
_aFiebre amarilla. _912774 |
|
| 700 | 1 |
_aVillaverde Alvarez, Manuel. _9142162 |
|
| 710 | 1 |
_aCuba. _bDirección General de Cultura. _9146958 |
|
| 830 | 1 |
_aCuadernos de cultura _v5 _9181245 |
|
| 852 |
_aES-MaACL _jC-57151 |
||
| 999 |
_c174087 _d174087 |
||